MARC

LEADER 00000nam0a2200000 4500
001 362873
005 20231102011531.0
035 |a (RuTPU)RU\TPU\retro\20219 
090 |a 362873 
100 |a 20210827d1965 k y0rusy50 ca 
101 0 |a rus 
102 |a RU 
105 |a a z 001zy 
200 1 |a Критерии связи оруденения с магнатизмом применительно к изучению рудных районов (Основные принципы металлогенических исследований и составления металлогенических и прогнозных карт рудных районов)  |f Е. Т. Шаталов, В. С. Коптев-Дворников, М. Г. Руб [и др.]  |g Академия наук СССР, Институт геологии рудных месторождений, петрографии, минералогии и геохимии ; под ред. Е. Т. Шаталова 
210 |a Москва  |c Недра  |d 1965 
215 |a 295 с.  |c ил. 
316 |5 63413507: КР-7062  |a На обложке книги владельческая подпись: "Рубанов В. А. 1970 г." 
317 |5 63413507: КР-7062  |a Поступил в НТБ в 2004 г. в составе книжного собрания кафедры общей геологии 
320 |a Библиогр.: с. 290-293 
606 1 |a Оруденение и магматизм, связь  |2 stltpush  |3 (RuTPU)RU\TPU\subj\80545  |9 88191 
610 1 |a рудные районы 
610 1 |a металлогенические исследования 
610 1 |a металлогенические карты 
610 1 |a прогнозные карты 
610 1 |a магматические породы 
610 1 |a интрузивные комплексы 
610 1 |a магма 
610 1 |a интрузии 
610 1 |a Коллекция кафедры общей геологии 
610 1 |a дары библиотеке 
610 1 |a владельческие подписи 
675 |a 553.061  |v 4 
701 1 |a Шаталов  |b Е. Т. 
701 1 |a Коптев-Дворников  |b В. С. 
701 1 |a Руб  |b М. Г. 
701 1 |a Родионов  |b Д. А. 
701 1 |a Шипулин  |b Ф. К. 
701 1 |a Фаворская  |b М. А. 
702 1 |a Шаталов  |b Е. Т.  |g Евгений Трофимович  |4 340 
712 0 2 |a Академия наук СССР  |b Институт геологии рудных месторождений, петрографии, минералогии и геохимии  |c (Москва)  |2 stltpush  |3 (RuTPU)RU\TPU\col\11398  |9 25090 
801 1 |a RU  |b 63413507  |c 20210827 
801 2 |a RU  |b 63413507  |c 20211111  |g RCR 
942 |c BK